000 00659nam a22002057a 4500
003 OSt
005 20201016135953.0
008 201008b 2014 00| 0 eng d
020 _a9786070117466
040 _aDO-SdBNP
_bspa
_cBNPHU
100 1 _aRoldán, Gustavo
_976800
245 1 0 _aCuentos que cuentan los indios :
_b tobas, matacos, guaraníes /
_c Gustavo Roldán ; ilustraciones Luis Scafati.
260 _aMéxico :
_bSantillana : Alfaguara,
_c2014.
300 _a129, [3] p. :
_bil.
_c20 cm.
490 1 _aAlfaguara juvenil
700 1 _aScafati, Luis,
_eil.
_976801
830 0 _aAlfaguara juvenil
_911432
942 _2ddc
_cLF1
956 _aLOPEREZ
999 _c48842
_d48842